<?xml version="1.0" encoding="UTF-8"?>
<marc:record xmlns:marc="http://www.loc.gov/MARC21/slim">
   <marc:leader>00000nam a2200000 a 4500</marc:leader>
   <marc:datafield ind1="1" ind2=" " tag="100">
      <marc:subfield code="a">Lewycka, Marina</marc:subfield>
      <marc:subfield code="4">aut</marc:subfield>
      <marc:subfield code="e">Verfasser/-in</marc:subfield>
   </marc:datafield>
   <marc:datafield ind1=" " ind2=" " tag="653">
      <marc:subfield code="a">Kassette / Belletristik/Gegenwartsliteratur (ab 1945)</marc:subfield>
   </marc:datafield>
   <marc:datafield ind1=" " ind2=" " tag="653">
      <marc:subfield code="a">CD</marc:subfield>
   </marc:datafield>
   <marc:datafield ind1=" " ind2=" " tag="653">
      <marc:subfield code="a">Erzählende Literatur: Gegenwartsliteratur ab 1945</marc:subfield>
   </marc:datafield>
   <marc:datafield ind1="0" ind2="0" tag="245">
      <marc:subfield code="a">Die Werte der modernen Welt unter Berücksichtigung diverser Kleintiere</marc:subfield>
   </marc:datafield>
   <marc:datafield ind1="0" ind2="0" tag="245">
      <marc:subfield code="b">gekürzte Lesung</marc:subfield>
   </marc:datafield>
   <marc:datafield ind1="0" ind2="0" tag="245">
      <marc:subfield code="c">Lewycka, Marina</marc:subfield>
   </marc:datafield>
   <marc:datafield ind1=" " ind2="1" tag="264">
      <marc:subfield code="b">Der Audio Verlag</marc:subfield>
      <marc:subfield code="c">2013</marc:subfield>
   </marc:datafield>
   <marc:datafield ind1="1" ind2=" " tag="520">
      <marc:subfield code="a">Angaben aus der Verlagsmeldung

Die Werte der modernen Welt unter Berücksichtigung diverser Kleintiere / von Marina Lewycka

Serge, 28, hat ein Problem. Gerade macht er mit illegalen Zockereien an der Londoner Börse einen Haufen Kohle, da brechen die Kurse ein. Das Geld ist futsch. Und als wäre das nicht genug, haben seine Hippie-Eltern nach Jahrzehnten wilder Ehe nun auch noch die glorreiche Idee zu heiraten. Keinesfalls dürfen sie erfahren, dass ihr zwischen Batiktüchern, Möhren und freier Liebe aufgewachsener Sohn den Verlockungen der internationalen Finanzwelt erlegen ist. Als sein Chef ihm auf die Schliche kommt und seine Mutter die alte Kommune zusammen trommelt, muss Serge eine saubere Lösung finden.
</marc:subfield>
   </marc:datafield>
   <marc:datafield ind1=" " ind2=" " tag="020">
      <marc:subfield code="a">9783862312320</marc:subfield>
      <marc:subfield code="9">9783862312320</marc:subfield>
   </marc:datafield>
   <marc:datafield ind1=" " ind2=" " tag="020">
      <marc:subfield code="a">3862312321</marc:subfield>
      <marc:subfield code="9">3862312321</marc:subfield>
   </marc:datafield>
   <marc:datafield ind1=" " ind2=" " tag="041">
      <marc:subfield code="a">ger</marc:subfield>
   </marc:datafield>
   <marc:datafield ind1=" " ind2=" " tag="300">
      <marc:subfield code="a">6 CDs (ca. 453 Min.)</marc:subfield>
   </marc:datafield>
</marc:record>
